00538 a2200169 450000100060000002000060000604000220001210000360003424000630007024500580013330000070019136200090019865000260020794200070023395201110024099900170035160309 a  cAnchieta - Pituba aAlmeida, Norlandio Meirelles de10aUma polè‚mica em torno de uma poesia de Castro Alveslpor10aUma polè‚mica em torno de uma poesia de Castro Alves a800 a1990 4aLiteratura brasileira cBK 00104070a91.1b91.1d2023-11-21l0o869.9 A447p ALM POLp11971/PITr2023-11-21 18:28:25w2023-11-21yBK c60309d60309